000 01696cam a22004694i 4500
003 PE-LiUPU
005 20250731173445.0
008 150616s1973 sp a rb 000 0 spa d
020 _a8423104311
035 _a(Sirsi) i9788423104314
040 _aPE-LiUPU
_bspa
_cPE-LiUPU
_erda
049 _aPRUA
082 0 4 _a294.3
_bN28
_221
100 1 _aNaudou, Jean,
_eautor.
245 1 0 _aBuda y el budismo /
_cJean Naudou.
264 1 _aBarcelona :
_bDaimon,
_c1973.
300 _a287 páginas :
_bilustraciones láms., mapas ;
_c22 centímetros
336 _atext
_2rdacontent
337 _aunmediated
_2rdamedia
338 _avolume
_2rdacarrier
504 _aIncluye bibliografía.
505 0 _aNacimiento e infancia -- La boda, vida de placeres y la gran evasión -- La busqueda y la iluminación -- Conversiones y milagros -- La ordenación de los Sakya -- La enseñanza -- Los últimos años y la muerte -- Irradiación del budismo.
526 _aSEG42
526 _aSEG41
526 _aSEG40
526 _aSEG39
526 _aP94
526 _aP87
526 _aP86
526 _aP85
526 _aP77
526 _aP76
526 _aP35
650 0 4 _aBudismo.
910 _ajck
_bjvq
_cjck
942 _2ddc
_cBOOK
949 _a294.3 N28
_wDEWEY
_c1
_i20689
_lCCODEBUL1
_mBUL
_r0
_sY
_tBOOK
_u2015-6-16
_xTEOLOGIA
_zUNKNOWN
_0COMPRA
_o.STAFF. Colección Teología
994 _aC0
_bPEPRU
596 _a1
999 _a294.3 N28
_wDEWEY
_c56943
_i20689
_d56943
_e2017-7-12
_f2021-11-12
_g5
_lCCODEBUL1
_mBUL
_n1
_p30.00
_q1
_r0
_sY
_tBOOK
_u2015-6-16
_xTEOLOGIA
_PP35
_0COMPRA
_o.STAFF. Colección Teología
980 _81
_gALBERTO SANCHEZ Responsable de Automatización